Rozpracovaná řešení úloh z vyšší algebry

Salvato in:
Dettagli Bibliografici
Natura: Libro
Lingua:ceco
Pubblicazione: Praha Academia 1987
Edizione:1. vyd.
Tags: Aggiungi Tag
Nessun Tag, puoi essere il primo ad aggiungerne!!

MARC

LEADER 00000nam a2200000 4500
001 c033156
005 20260327082150.7
041 0 |a cze 
044 |a CZ 
245 1 0 |a Rozpracovaná řešení úloh z vyšší algebry  |c [Z franc. prel.] Ladislav Beran 
250 |a 1. vyd. 
264 1 |a Praha  |b Academia  |c 1987 
300 |a 650 s.